LEADER 00993nam0-2200337---450- 001 990010023670403321 005 20160415121343.0 010 $a978-88-6443-292-2 035 $a001002367 035 $aFED01001002367 035 $a(Aleph)001002367FED01 035 $a001002367 100 $a20151216d2015----km-y0itay50------ba 101 0 $aita 102 $aIT 105 $a--------001yy 200 1 $aErnesto De Martino$eteoria antropologica e metodologia della ricerca$fAmalia Signorelli 210 $aRoma$c<>asino d'oro$d2015 215 $a137 p.$d22 cm 225 1 $a<>gerle$v15 320 $aContiene rif. bibl. (pp. 131-137) 610 0 $aDe Martino, Ernesto (etnologo, 1908-1965) 676 $a306.092$v22$zita 700 1$aSignorelli,$bAmalia$f<1934- >$0143150 801 0$aIT$bUNINA$gRICA$2UNIMARC 901 $aBK 912 $a990010023670403321 952 $a306.092 SIG 1$b2108$fBFS 959 $aBFS 996 $aErnesto de Martino$91476745 997 $aUNINA LEADER 01173nam0-22003491i-450- 001 990006818820403321 005 20090112115716.0 010 $a88-204-9070-6 035 $a000681882 035 $aFED01000681882 035 $a(Aleph)000681882FED01 035 $a000681882 100 $a20010426d1995----km-y0itay50------ba 101 0 $aita 105 $ay-------001yy 200 1 $a<>formazione basata sulla tecnologia$ecome utilizzare informatica e multimedialità per vincere la sfida del cambiamento$fTrevor Bentley 210 $aMilano$cF. Angeli$d[1995] 215 $a188 p.$d22 cm 225 1 $aFormazione permanente$hSez. 1$iProblemi d'oggi$v142 300 $aStima e valutazione della formazione basata sulla tecnologia (TBT) 610 0 $aElaboratori elettronici$aImpiego nella formazione professionale 676 $a658.312 4 700 1$aBentley,$bTrevor J.$0144685 801 0$aIT$bUNINA$gRICA$2UNIMARC 901 $aBK 912 $a990006818820403321 952 $aVI I 770$b4494$fDDA 952 $aCOLLEZ. 310 (142)$b26669$fFSPBC 959 $aFSPBC 959 $aDDA 996 $aFormazione basata sulla tecnologia$9505875 997 $aUNINA